Syntéza a štúdium vlastností vybraných benzoátomeďnatých komplexov s derivátmi benzimidazolu
Enregistré dans:
| Auteur principal: | |
|---|---|
| Autres auteurs: | |
| Format: | Manuscrit Livre |
| Langue: | slovaque |
| Publié: |
2018
|
| Sujets: | |
| Accès en ligne: | http://is.stuba.sk/zp/portal_zp.pl?podrobnosti=118595 |
| Tags: |
Pas de tags, Soyez le premier à ajouter un tag!
|
MARC
| LEADER | 00000ntm a22000003a 4500 | ||
|---|---|---|---|
| 001 | stuzp68806 | ||
| 003 | SK-STU | ||
| 005 | 20180623210633.0 | ||
| 007 | ta | ||
| 008 | 150427s2015----xo-----f-mn---000-0-slo-d | ||
| 040 | |a STU |b slo | ||
| 041 | 0 | |a slo | |
| 100 | 1 | |a Ősziová, Katarína |u 042190 |4 aut |U FCHPT Ústav anorganickej chémie, technológie a materiálov |T FCHPT Oddelenie anorganickej chémie |X 76431 |U C2190 |Y 112 |7 76431 | |
| 242 | 0 | 1 | |a Synthesis and study of selected benzoatocopper(II) complexes with benzimidazole derivatives |y eng |
| 245 | 1 | 0 | |a Syntéza a štúdium vlastností vybraných benzoátomeďnatých komplexov s derivátmi benzimidazolu |
| 260 | |c 2018 | ||
| 650 | 4 | |a Cu(II) komplexy |2 slo | |
| 650 | 4 | |a N-dusíkatý ligand |2 slo | |
| 650 | 4 | |a SOD |2 slo | |
| 650 | 4 | |a metyl- a metoxybenzoové kyseliny |2 slo | |
| 650 | 4 | |a N-ligands |2 eng | |
| 650 | 4 | |a SOD |2 eng | |
| 650 | 4 | |a Cu(II) complexes |2 eng | |
| 650 | 4 | |a methyl- and methoxybenzoic acid |2 eng | |
| 700 | 1 | |a Puchoňová, Miroslava |u 042190 |k Z2 |4 ths |U FCHPT Ústav anorganickej chémie, technológie a materiálov |T FCHPT Oddelenie anorganickej chémie |X 40261 |U C2190 |Y 112 |7 A000040261 | |
| 856 | 4 | |u http://is.stuba.sk/zp/portal_zp.pl?podrobnosti=118595 | |